Duchovní průvodce pro naši dobu / Olivier Clément ; [z francouzského originálu ... přeložila Stanislava Káňová]
Record details
- ISBN: 978-80-7412-045-9
- Physical Description: 119 s. ; 19 cm
- Edition: Vyd. 1.
- Publisher: Olomouc : Refugium Velehrad-Roma, 2010
Content descriptions
| Bibliography, etc. Note: | Obsahuje bibliografické odkazy |
| Issuing Body Note: | Vydavatel: Centrum Aletti |
Search for related items by subject
| Genre: | úvahy essays |
Search for related items by series
Available copies
- 2 of 2 copies available at Common Catalog SPOK.
Holds
- 0 current holds with 2 total copies.
Show Only Available Copies
| Location | Call Number / Copy Notes | Barcode | Shelving Location | Status | Due Date |
|---|---|---|---|---|---|
| Hospic Dobrého Pastýře | PA
Tematická katagorie: Odborná - paliativní péče (PA) |
2045957018904 | Skříň ve 2. patře (SKŘ) | Available | - |
| Jabok Library | PT-2.8/C | 424480023883 | Odborná literatura | Available | - |
| LDR | 02515nam a2200697 a 4500 | ||
|---|---|---|---|
| 001 | 2526 | ||
| 003 | CZ-PrJAB | ||
| 005 | 20221109115418.0 | ||
| 007 | ta | ||
| 008 | 100528s2010 xr e 000 0 cze | ||
| 015 | . | ‡acnb002108643 | |
| 020 | . | ‡a978-80-7412-045-9 ‡q(váz.) : ‡cKč 150,00 | |
| 035 | . | ‡a(CZ PrNK)nkc20102108643 | |
| 035 | . | ‡a(OCoLC)655158147 | |
| 040 | . | ‡aABA001 ‡bcze | |
| 041 | 1 | . | ‡acze ‡hfre |
| 072 | 7. | ‡a27 ‡xKřesťanství. Křesťanská církev všeobecně. Eklesiologie ‡2Konspekt ‡95 | |
| 080 | . | ‡a27-584 ‡2MRF | |
| 080 | . | ‡a27-58 ‡2MRF | |
| 080 | . | ‡a27-662:3 ‡2MRF | |
| 080 | . | ‡a27-675 ‡2MRF | |
| 080 | . | ‡a2-67 ‡2MRF | |
| 080 | . | ‡a316.722 ‡2MRF | |
| 080 | . | ‡a316.422 ‡2MRF | |
| 080 | . | ‡a364-786 ‡2MRF | |
| 080 | . | ‡a27-583 ‡2MRF | |
| 080 | . | ‡a(0:82-4) ‡2MRF | |
| 100 | 1 | . | ‡aClément, Olivier, ‡d1921-2009 ‡7jn20000700312 ‡4aut |
| 245 | 1 | 0. | ‡aDuchovní průvodce pro naši dobu / ‡cOlivier Clément ; [z francouzského originálu ... přeložila Stanislava Káňová] |
| 250 | . | ‡aVyd. 1. | |
| 260 | . | ‡aOlomouc : ‡bRefugium Velehrad-Roma, ‡c2010 | |
| 300 | . | ‡a119 s. ; ‡c19 cm | |
| 490 | 1 | . | ‡aSoučasné otázky ; ‡v32 |
| 504 | . | ‡aObsahuje bibliografické odkazy | |
| 550 | . | ‡aVydavatel: Centrum Aletti | |
| 650 | 0 | 7. | ‡aduchovní život ‡7ph114375 ‡2czenas |
| 650 | 0 | 7. | ‡akřesťanská spiritualita ‡7ph138493 ‡2czenas |
| 650 | 0 | 7. | ‡akřesťanství a společnost ‡7ph138510 ‡2czenas |
| 650 | 0 | 7. | ‡aVýchod a Západ ‡7ph136833 ‡2czenas |
| 650 | 0 | 7. | ‡aekumenismus ‡7ph119842 ‡2czenas |
| 650 | 0 | 7. | ‡amezináboženský dialog ‡7ph138524 ‡2czenas |
| 650 | 0 | 7. | ‡asociální integrace ‡7ph125789 ‡2czenas |
| 650 | 0 | 7. | ‡aglobalizace ‡7ph120568 ‡2czenas |
| 650 | 0 | 7. | ‡akřesťanská meditace ‡7ph115060 ‡2czenas |
| 650 | 0 | 9. | ‡aspiritual life ‡2eczenas |
| 650 | 0 | 9. | ‡aChristian spirituality ‡2eczenas |
| 650 | 0 | 9. | ‡aChristianity and civilization ‡2eczenas |
| 650 | 0 | 9. | ‡aEast and West ‡2eczenas |
| 650 | 0 | 9. | ‡aecumenical movement ‡2eczenas |
| 650 | 0 | 9. | ‡ainterreligious dialogue ‡2eczenas |
| 650 | 0 | 9. | ‡asocial integration ‡2eczenas |
| 650 | 0 | 9. | ‡aglobalization ‡2eczenas |
| 650 | 0 | 9. | ‡aChristian meditation ‡2eczenas |
| 655 | 7. | ‡aúvahy ‡7fd134000 ‡2czenas | |
| 655 | 9. | ‡aessays ‡2eczenas | |
| 710 | 2 | . | ‡aJezuité. ‡bČeská provincie. ‡bCentrum Aletti Velehrad-Roma ‡7kn20020906019 |
| 765 | 0 | . | ‡tPetite boussole spirituelle pour notre temps ‡9Česky |
| 830 | 0. | ‡aSoučasné otázky | |
| 910 | . | ‡aABG312 | |
| 901 | . | ‡a2526 ‡bUnknown ‡c2526 ‡tbiblio | |